MARC details
| 000 -LEADER |
| fixed length control field |
02058cam a2200529 a 4500 |
| 001 - CONTROL NUMBER |
| control field |
20475 |
| 003 - CONTROL NUMBER IDENTIFIER |
| control field |
VRT |
| 005 - DATE AND TIME OF LATEST TRANSACTION |
| control field |
20260122145019.0 |
| 008 - FIXED-LENGTH DATA ELEMENTS--GENERAL INFORMATION |
| fixed length control field |
090725s1996 xo drp 000 p slo |
| 015 ## - NATIONAL BIBLIOGRAPHY NUMBER |
| National bibliography number |
SNBA2025/11 |
| 020 ## - INTERNATIONAL STANDARD BOOK NUMBER |
| International Standard Book Number |
8088834503 |
| Qualifying information |
(viazané) |
| 039 #9 - LEVEL OF BIBLIOGRAPHIC CONTROL AND CODING DETAIL [OBSOLETE] |
| Level of rules in bibliographic description |
202512030842 |
| Level of effort used to assign nonsubject heading access points |
msnk123 |
| Level of effort used to assign subject headings |
202304241423 |
| Level of effort used to assign classification |
msnk03 |
| Level of effort used to assign subject headings |
202304210858 |
| Level of effort used to assign classification |
msnk13 |
| Level of effort used to assign subject headings |
202112230802 |
| Level of effort used to assign classification |
AUTHORITY |
| 040 ## - CATALOGING SOURCE |
| Original cataloging agency |
SVKBB |
| Language of cataloging |
slo |
| Transcribing agency |
SVKBB |
| Modifying agency |
SNK |
| Description conventions |
AACR2 |
| 041 0# - LANGUAGE CODE |
| Language code of text/sound track or separate title |
slo |
| 044 ## - COUNTRY OF PUBLISHING/PRODUCING ENTITY CODE |
| MARC country code |
xo |
| ISO country code |
SK |
| 072 #7 - SUBJECT CATEGORY CODE |
| Subject category code |
821.162.4-1 |
| Subject category code subdivision |
Slovenská poézia |
| Source |
konspekt |
| 072 #7 - SUBJECT CATEGORY CODE |
| Subject category code |
37.016 |
| Subject category code subdivision |
Učebné osnovy. Vyučovacie predmety. Učebnice |
| Source |
konspekt |
| 080 ## - UNIVERSAL DECIMAL CLASSIFICATION NUMBER |
| Universal Decimal Classification number |
821.162.4-1 |
| Edition identifier |
2011 |
| 080 ## - UNIVERSAL DECIMAL CLASSIFICATION NUMBER |
| Universal Decimal Classification number |
(0:82-13) |
| Edition identifier |
2001 |
| 080 ## - UNIVERSAL DECIMAL CLASSIFICATION NUMBER |
| Universal Decimal Classification number |
(075) |
| Edition identifier |
2011 |
| 080 ## - UNIVERSAL DECIMAL CLASSIFICATION NUMBER |
| Universal Decimal Classification number |
028.3-027.557 |
| Edition identifier |
2001 |
| 100 1# - MAIN ENTRY--PERSONAL NAME |
| Personal name |
Hviezdoslav, Pavol Országh, |
| Dates associated with a name |
1849-1921 |
| Relationship |
aut |
| 245 10 - TITLE STATEMENT |
| Title |
Ežo Vlkolinský (1890) |
| Statement of responsibility, etc. |
Pavol Országh Hviezdoslav |
| 260 ## - PUBLICATION, DISTRIBUTION, ETC. |
| Place of publication, distribution, etc. |
Rohovce |
| Name of publisher, distributor, etc. |
Interpopulart Slovakia |
| Date of publication, distribution, etc. |
[1996] |
| 300 ## - PHYSICAL DESCRIPTION |
| Extent |
125 strán |
| Dimensions |
19 cm |
| 490 1# - SERIES STATEMENT |
| Series statement |
Populart |
| 500 ## - GENERAL NOTE |
| General note |
Štátny pedagogický ústav odporúča, ako učebnú pomôcku pre študentov základných a stredných škôl |
| 650 07 - SUBJECT ADDED ENTRY--TOPICAL TERM |
| Topical term or geographic name entry element |
povinné čítanie |
| Source of heading or term |
SNKPH |
| 650 07 - SUBJECT ADDED ENTRY--TOPICAL TERM |
| Topical term or geographic name entry element |
Required reading |
| Source of heading or term |
SNKPHeng |
| 655 #7 - INDEX TERM--GENRE/FORM |
| Genre/form data or focus term |
slovenská poézia |
| Source of term |
SNKPH |
| 655 #7 - INDEX TERM--GENRE/FORM |
| Genre/form data or focus term |
epická poézia |
| Source of term |
SNKPH |
| 655 #7 - INDEX TERM--GENRE/FORM |
| Genre/form data or focus term |
učebnice |
| Source of term |
SNKPH |
| 655 #7 - INDEX TERM--GENRE/FORM |
| Genre/form data or focus term |
Slovak poetry |
| Source of term |
SNKPHeng |
| 655 #7 - INDEX TERM--GENRE/FORM |
| Genre/form data or focus term |
Epic poetry |
| Source of term |
SNKPHeng |
| 655 #7 - INDEX TERM--GENRE/FORM |
| Genre/form data or focus term |
Textbooks |
| Source of term |
SNKPHeng |
| 787 08 - OTHER RELATIONSHIP ENTRY |
| Relationship information |
Zo série: |
| Title |
Študentská knižnica |
| Related parts |
51 |
| 787 08 - OTHER RELATIONSHIP ENTRY |
| Relationship information |
Zo série: |
| Title |
Slovenská realistická poézia |
| 830 #0 - SERIES ADDED ENTRY--UNIFORM TITLE |
| Uniform title |
Populart |
| 942 ## - ADDED ENTRY ELEMENTS (KOHA) |
| Source of classification or shelving scheme |
Dewey Decimal Classification |
| Koha item type |
Krásna literatúra pre dospelých |
| Suppress in OPAC |
No |
| 949 ## - LOCAL PROCESSING INFORMATION (OCLC) |
| 6 |
3912001937 |
| a |
knkjsdo/B |
| b |
knkjs2008/245177 |
| 949 ## - LOCAL PROCESSING INFORMATION (OCLC) |
| 6 |
3912001938 |
| a |
knkjsdo/B |
| b |
knkjs2008/260586 |
| 949 ## - LOCAL PROCESSING INFORMATION (OCLC) |
| 6 |
270001000027748 |
| a |
svkbbA 94686 |
| b |
svkbbm 612604 |
| p |
612.604 |
| 949 ## - LOCAL PROCESSING INFORMATION (OCLC) |
| 6 |
270001000066137 |
| a |
svkbbA 94686-b |
| b |
svkbbm 613235 |
| o |
oprava väzby |
| p |
613.235 |
| 949 ## - LOCAL PROCESSING INFORMATION (OCLC) |
| 6 |
17A1527321 |
| a |
snkSC 202142 |
| b |
snk2023/6485 |
| o |
118/23 - em |
| s |
6100:20251210 |
| 949 ## - LOCAL PROCESSING INFORMATION (OCLC) |
| 6 |
3830001112456 |
| a |
kurukT18/HVIE1-42 |
| b |
kuruk2016/F5597 |
| o |
D2016/študentka SJ/október 2014 |